Regioni dei Paesi Europei #10 - Statistics

Statistiche generali
  • Questo quiz è stato fatto 41 volte
  • Il punteggio medio è 8 su 18
Statistiche sulle risposte
Francia % Corretto
11 Île-de-France
90%
13 Normandia
87%
17 Provenza-Alpi-Costa Azzurra
84%
4 Bretagna
81%
7 Grand Est
68%
3 Borgogna-Franca Contea
65%
6 Corsica
55%
15 Occitania
55%
14 Nuova Aquitania
39%
16 Paesi della Loira
39%
2 Alvernia-Rodano-Alpi
35%
5 Centro-Valle della Loira
29%
9 Guyana Francese
23%
8 Guadalupe
19%
10 Martinica
19%
18 Riunione
19%
1 Alta Francia
13%
12 Mayotte
10%
Nessun quiz corrispondente trovato
Distribuzione punteggi
Percentuale di utenti per punteggio
Percentile per numero di risposta
I tuoi punteggi nel tempo
Non hai fatto questo quiz